=LDR 00000nam 2200000 4500 =001 INLIS000000000050409 =005 20170504084754 =035 ##$$a 0010-0517000062 =007 ta =008 170504###########################0###### =020 ##$$a 978 - 070 - 002 - 537 - 0 =082 ##$$a 634.4 =084 ##$$a 634.4 GUN m =100 #$$a Gunastri, Cahyaning Tri =245 1#$$a Mangga top di kebun dan pot /$c Cahyaning Tri Gunastri =250 ##$$a Cet.2 =260 ##$$a Jakarta :$b Penebar Swadaya,$c 2013 =300 ##$$a iv, 76 hlm : $b ilus ; $c 23 cm =650 ##$$a MANGGA =990 ##$$a 77527752 =990 ##$$a 77527752 =990 ##$$a 31700859 =990 ##$$a 02201707752 =990 ##$$a 31700860 =990 ##$$a 31700859